Comet science : (Record no. 11822)

MARC details
000 -LEADER
fixed length control field 01768cam a2200409 i 4500
001 - CONTROL NUMBER
control field 4994602
003 - CONTROL NUMBER IDENTIFIER
control field EG-ScBUE
005 - DATE AND TIME OF LATEST TRANSACTION
control field 20241218104241.0
008 - FIXED-LENGTH DATA ELEMENTS--GENERAL INFORMATION
fixed length control field 990129s2000 enka f b 001 0 eng d
020 ## - INTERNATIONAL STANDARD BOOK NUMBER
International Standard Book Number 9780521645911
020 ## - INTERNATIONAL STANDARD BOOK NUMBER
International Standard Book Number 0521645913 (pbk.)
040 ## - CATALOGING SOURCE
Original cataloging agency DLC
Language of cataloging eng
Description conventions rda
Transcribing agency DLC
Modifying agency DLC
-- EG-ScBUE
041 1# - LANGUAGE CODE
Language code of text/sound track or separate title eng
Language code of original and/or intermediate translations of text fre
082 04 - DEWEY DECIMAL CLASSIFICATION NUMBER
Classification number 523.6
Edition number 22
Item number CRO
100 1# - MAIN ENTRY--PERSONAL NAME
Personal name Crovisier, Jacques,
Dates associated with a name 1948-
Relator term author.
240 10 - UNIFORM TITLE
Uniform title <a href="Comètes.">Comètes.</a>
Language of a work English
245 10 - TITLE STATEMENT
Title Comet science :
Remainder of title the study of remnants from the birth of the solar system /
Statement of responsibility, etc Jacques Crovisier and Thérèse Encrenaz ; translated by Stephen Lyle ; foreword by Maurice Bonnet.
264 #1 - PUBLICATION, DISTRIBUTION, ETC. (IMPRINT)
Place of publication, distribution, etc Cambridge ;
-- New York :
Name of publisher, distributor, etc Cambridge University Press,
Date of publication, distribution, etc 2000.
300 ## - PHYSICAL DESCRIPTION
Extent xiii, 173 pages :
Other physical details illustrations (some color) ;
Dimensions 26 cm
336 ## - CONTENT TYPE
Source rdacontent
Content type term text
Content type code txt
337 ## - MEDIA TYPE
Media type term unmediated
Source rdamedia
Media type code n
338 ## - CARRIER TYPE
Carrier type term volume
Carrier type code nc
Source rdacarrier
504 ## - BIBLIOGRAPHY, ETC. NOTE
Bibliography, etc Includes bibliographical references and index.
546 ## - LANGUAGE NOTE
Language note Text in English ; translated from the original French.<br/>
650 #7 - SUBJECT ADDED ENTRY--TOPICAL TERM
Topical term or geographic name as entry element Comets.
Source of heading or term BUEsh
655 ## - INDEX TERM--GENRE/FORM
Form subdivision Reading book
700 1# - ADDED ENTRY--PERSONAL NAME
Personal name Encrenaz, Thérèse,
Dates associated with a name 1946-
Relator term author.
700 1# - ADDED ENTRY--PERSONAL NAME
Personal name Lyle, Stephen,
Relator term translator.
700 1# - ADDED ENTRY--PERSONAL NAME
Personal name Bonnet, Maurice,
Relator term author of introduction, etc.
856 41 - ELECTRONIC LOCATION AND ACCESS
Materials specified Sample text
Uniform Resource Identifier <a href="http://www.loc.gov/catdir/samples/cam032/99019612.html">http://www.loc.gov/catdir/samples/cam032/99019612.html</a>
856 42 - ELECTRONIC LOCATION AND ACCESS
Materials specified Publisher description
Uniform Resource Identifier <a href="http://www.loc.gov/catdir/description/cam029/99019612.html">http://www.loc.gov/catdir/description/cam029/99019612.html</a>
856 41 - ELECTRONIC LOCATION AND ACCESS
Materials specified Table of contents
Uniform Resource Identifier <a href="http://www.loc.gov/catdir/toc/cam021/99019612.html">http://www.loc.gov/catdir/toc/cam021/99019612.html</a>
906 ## - LOCAL DATA ELEMENT F, LDF (RLIN)
a 7
b cbc
c orignew
d 1
e ocip
f 19
g y-gencatlg
942 ## - ADDED ENTRY ELEMENTS (KOHA)
Source of classification or shelving scheme Dewey Decimal Classification
Koha item type Book - Borrowing
Holdings
Withdrawn status Lost status Source of classification or shelving scheme Damaged status Not for loan Collection code Home library Current library Shelving location Date acquired Source of acquisition Total Checkouts Total Renewals Full call number Barcode Date last seen Date checked out Price effective from Koha item type
    Dewey Decimal Classification     Alahram Central Library Central Library First floor 14/06/2009 Purchase 4 3 523.6 CRO 000016804 15/07/2025 21/01/2016 14/06/2009 Book - Borrowing